Movies Quiz

Random Movies or Oscar Quiz

Four Decade Actress Oscar Nominees Quiz Stats

 Plays Quiz not verified by Sporcle

Challenge
Share
Tweet
Embed
Score 0/10 Timer 03:00
0 Plays Today
% Correct
Meryl Streep
92.1%
Katharine Hepburn
87.1%
Maggie Smith
73.6%
Shirley MacLaine
69.7%
Diane Keaton
69.1%
Bette Davis
65.2%
Vanessa Redgrave
57.9%
Julie Christie
57.3%
Geraldine Page
51.7%
Joanne Woodward
50%

You're not logged in!

Compare scores with friends on all Sporcle quizzes.
Join for Free
OR
Log In

You Might Also Like...

Show Comments

Extras

Top Quizzes Today


Score Distribution

Your Account Isn't Verified!

In order to create a playlist on Sporcle, you need to verify the email address you used during registration. Go to your Sporcle Settings to finish the process.

Report this User

Report this user for behavior that violates our Community Guidelines.

Details: